000 00278nam a2200109Ia 4500
008 200302s9999 xx 000 0 und d
100 _aHenry Sanoff
245 _aMethods of Architectural Programming
260 _bDowden Hutchinson Ross, Inc.
260 _c1977
300 _a184 P.,
999 _c2179
_d2179